000 00381nam a2200181Ia 4500
003 IT-RoPAU
008 120407s9999 xx 000 0 und d
040 _aIT-RoPAU
040 _cIT-RoPAU
245 _aBibliografia internationalis spiritualitatis
245 _cAA.VV.
250 _aMilano
260 _aAncora
300 _c cm
490 _v23
942 _cBK
999 _c684
_d684